|
|
|
|
| LEADER |
00789nab a2200205 i 4500 |
| 001 |
publ34267 |
| 005 |
20240722120028.0 |
| 008 |
240722s2020 hu o 000 hun d |
| 022 |
|
|
|a 0133-1167
|
| 024 |
7 |
|
|a 31661977
|2 mtmt
|
| 040 |
|
|
|a SZTE Publicatio Repozitórium
|b hun
|
| 041 |
|
|
|a hun
|
| 100 |
1 |
|
|a Váraljai Anna
|
| 245 |
1 |
0 |
|a Egy építészettörténeti fordulópont margójára
|h [elektronikus dokumentum] :
|b Lechner Ödön és a Szegedi Városháza tervrajzai /
|c Váraljai Anna
|
| 260 |
|
|
|c 2020
|
| 300 |
|
|
|a 106-112
|
| 490 |
0 |
|
|a TISZATÁJ: IRODALMI MŰVÉSZETI ÉS TÁRSADALMI FOLYÓIRAT
|v 74 No. 10
|
| 650 |
|
4 |
|a Építőmérnöki tudományok
|
| 650 |
|
4 |
|a Társadalom- és gazdaságföldrajz
|
| 856 |
4 |
0 |
|u http://publicatio.bibl.u-szeged.hu/34267/1/2024-07-1814-17.pdf
|z Dokumentum-elérés
|